000
00328nam a2200133Ia 4500
008
250701s9999 xx 000 0 und d
082
_a
813.54 JON
100
_a
Jong, Erica
245
0
_a
How to Save Your Own Life
260
_a
New York:
_b
New American Library,
_c
1977
300
_a
310p.
600
_a
Literature
942
_c
GB
999
_c
31517
_d
31517